Statystyki dla TOP 100 Polski Rap/Trap na Spotify

Kliknij tutaj aby rozwiązać quiz!

Ogólne statystyki

  • Ten quiz został rozwiązany 1 148 razy
  • Średni wynik to 40 z 100

Statystyki odpowiedzi

OdtworzeniaPiosenkaArtystaAlbum% Poprawnych
57,1 MLNCaliforniaWhite 2115Rockstar
87%
42,4 MLNPatoreakcjaMataMłody Matczak
82%
47,9 MLNDisneyKizoJeszcze 5 minut
73%
34,8 MLNPatointeligencjaMata100 dni do matury
73%
52,9 MLNJęzyk CiałaTymek ft. Big ScytheKlubowe
72%
39,8 MLNPapugaMata ft. Quebonafide, Malik MontanaMłody Matczak
72%
36,5 MLN100 dni do maturyMata100 dni do matury
67%
43,5 MLNSchodkiMata100 dni do matury
66%
53,4 MLNImprezaSobel
64%
50,1 MLNBUBBLETEAQuebonafide ft. Daria ZawiałowROMANTIC PSYCHO
63%
42,2 MLNSzafirMataMłody Matczak
63%
40 MLNBandytaSobelPułapka Na Motyle
62%
38,5 MLNGOMBAO 33Mata ft. Adam, Szczepan, Wyguś100 dni do matury
61%
30,5 MLNSzklankiYoung LeosiaHulanki
60%
24 MLNSKUTE BOBOSKUTE BOBOMłody Matczak
59%
43,4 MLNFALAGuzior ft. Oskar83Pleśń
55%
37,4 MLNSzmataMataMłody Matczak
54%
28 MLNWorki W TłumOIOOIO
54%
44,5 MLNBlueberryGuziorPleśń
53%
42,2 MLNDuże OczySmolasty
53%
23,6 MLNZygzakEkipa ft. JacuśSEZON3
53%
25,1 MLNOpowieści z Doliny SmokówBedoes & LanekOpowieści z Doliny Smoków
52%
40,6 MLNTamagotchiTACONAFIDESoma 0,5 mg
51%
35 MLN8 kobietTACONAFIDE ft. BedoesSoma 0,25 mg
50%
42,7 MLNBestiaYoung IgiKonfetti
50%
29,3 MLNJungle GirlYoung Leosia ft. ŻabsonHulanki
49%
42,9 MLNBilly KidRetoW samo południe
48%
27,7 MLNAmerykańskie TeledyskiOIOOIO
47%
30,6 MLNAnioły I DemonyTymek FIT. Big Scythe, DeysFIT
47%
30,2 MLNNowy KolorOtsochodzi ft. Taco HemingwayNowy Kolor
47%
45,5 MLNRainmanTymek FIT. Trill Pem, TEDEFIT
47%
29,3 MLNLawendaSB MaffijaHotel Maffija 2
46%
39,2 MLNW PIĄTKI LEŻĘ W WANNIETaco Hemingway ft. Dawid PodsiadłoPOCZTÓWKA Z WWA, LATO '19
46%
33,7 MLNDwutaktAlbertoMiejska Jungla
44%
42,2 MLNTestarossaWiatr ft. be vis, SobelKoktajl Mixtape
44%
30,7 MLNUARetoBOA
44%
25,1 MLNPatoloveZdechły OsaSprzedałem dupe
41%
25,7 MLNRozmazana kreskaKinny ZimmerLetnisko
40%
37,5 MLNChłopaki nie płacząBedoes & Kubi Producent ft. Taco HemingwayKwiat polskiej młodzieży
39%
24,9 MLNCOCOMasny Ben
39%
24,2 MLNEldoradoDemmz X Bedoes X PlanBeSAUCE
39%
22,3 MLNJagodziankiMalik Montana & Mr. PolskaImport / Export
39%
33,2 MLNA nie pamiętasz jak?SB MaffijaHotel Maffija
38%
25,5 MLNKinolSobelPułapka Na Motyle
38%
29,3 MLNLa la la (oh oh)Mata ft. White 2115Młody Matczak
38%
30,5 MLNPłuca zlepione topamiGuziorEVIL_THINGS
37%
28,9 MLNHalf DeadQuebonafide ft. RetoDla fanów eklektyki
36%
25 MLNJetlagMalik Montana X DaChoyce & The Plug
36%
23,8 MLNNie, nieOtsochodziNowy Kolor
36%
33 MLNWyboryJan-rapowanie & Nocny ft. Szpaku, GuziorPlansze
36%
23,1 MLNHotel MaffijaSB MaffijaHotel Maffija
35%
29,3 MLNMorganWhite 2115Rockstar: Do Zachodu Słońca
35%
39,9 MLNPoza kontroląTymekKlubowe
35%
22,4 MLNSexoholikŻabsonZiomalski Mixtape
35%
22,9 MLNSIRIOki ft. Gedz77747 mixtape
35%
25,5 MLNGrill u GawronaBiałas & LanekIn hajs we trust 2
34%
41,1 MLNhot coffeeschafteraudiotele
34%
35,9 MLNMogę dziś umieraćWhite 2115Młody Książę
34%
37,4 MLNPOLSKIE TANGOTaco HemingwayJarmark
34%
28,1 MLNPuerto BounceŻabson, Kizo, Zetha, Vladimir Cauchemar
34%
36,7 MLNVOGUEBedoes & LanekOpowieści z Doliny Smoków
34%
31,3 MLNMam Na Twarzy Krew I Tym Razem Nie Jest SztucznaChivas ft. White 2115nauczyłem się przeklinać
33%
25,7 MLNOh oh (lalala)White 2115 ft. MataRockstar: Do Zachodu Słońca
33%
25,4 MLNPrzypadkiemOIOOIO
33%
24,7 MLNSzybyDiho ft. Alberto, Bibič, Josef Bratan
33%
27,3 MLNWikingSariusWszystko co złe
33%
22,6 MLNOBOKŻabson ft. Vladimir CauchemarZiomalski Mixtape
32%
29,3 MLNRobię YEAHMalik Montana ft. K KokeImport / Export
32%
40,7 MLNSurferbe visduch czasu
32%
23,9 MLNUkładankaJan-rapowanie & Nocny ft. HolakPlansze
32%
32,2 MLNDriftBiałas ft. MataH8
31%
61,4 MLNKiss cam (podryw roku)MataMłody Matczak
30%
30,9 MLNFijiTaco HemingwayCafe Belga
29%
23,8 MLNFitnessKizo ft. Trill PemPosejdon (Deluxe)
29%
26,3 MLNNasze latoKizo ft. Wac TojaJeszcze 5 minut
29%
25,9 MLNBiblioteka TrapMata100 dni do matury
28%
24,5 MLNDrobna zabawaMagiera ft. SobelFEAT.
28%
25,9 MLNHinataSzpakuAtypowy
28%
22,3 MLNTHCYoung Igi ft. WłodiSkan Myśli
28%
30 MLNWschód (lubię zapierdalać)Bedoes & Lanek ft. Kosa, White 2115
28%
29,1 MLNFloyd MayweatherŻabsonInternaziomal
27%
23,9 MLNNickiTrill Pem ft. Wac TojaSo! Fresh
27%
28,1 MLNBaliGedzBohema
26%
29,4 MLN05:05Bedoes & Kubi ProducentKwiat polskiej młodzieży
25%
27 MLNCasablancaBLACHAFAMA
25%
25,5 MLN1998 (mam to we krwi)Bedoes & LanekOpowieści z Doliny Smoków
24%
23,1 MLNBrzydkie RzeczyBedoes & Lanek ft. DJ JohnyOpowieści z Doliny Smoków
24%
24,1 MLNNadchodzi latoBedoes & LanekOpowieści z Doliny Smoków
22%
28,9 MLNTOKYO2020Quebonafide ft. Taco HemingwayROMANTIC PSYCHO
21%
22,4 MLNBez StrachuPaluchLepszego Życia Diler
20%
23 MLNhaloFavst / Gibbs ft. KukonHample
20%
38,5 MLNJesteś ładniejsza niż na zdjęciach (na zawsze)Bedoes & LanekOpowieści z Doliny Smoków
20%
24,9 MLNNocWhite 2115Rockstar
20%
24,4 MLNFPSBedoes & LanekOpowieści z Doliny Smoków
18%
28 MLNMagentaPezetMuzyka współczesna
18%
30 MLNOutsideKartkyBlack Magiic
18%
29,7 MLNLECI NOWY FUTURETaco HemingwayPOCZTÓWKA Z WWA, LATO '19
16%
32,7 MLN@ (trailer)chillwagonchillwagon
15%
43,7 MLNGdzie jest biały węgorz ? (zejście)CypisNarkotyki są nielegalne
12%
27,5 MLNNiedostępnyMalik Montana ft. DMN
9%

Rozkład punktacji

Percentyl według liczby udzielonych odpowiedzi

Procent ludzi z każdym wynikiem

Twoja historia wyników

Nie rozwiązałeś tego quizu